000 00455nam a2200181Ia 4500
001 24887
005 20260414151113.0
008 260414t2023||||xx |||||||||||||| ||spa||
041 _aESP
082 _a346
_bR53
100 _aRicci, Francesco,
_eAUT
245 0 _aDerecho civil :
_beórico práctico. Interpretación de la ley
260 _c2023
300 _a235 páginas :
_c23 cm.
650 _aDER
654 _aCDE
942 _cLIB
_dJUS
_fJUS
_2ddc
_n
999 _c24887
_d24887